[Event "CAN-ch U20"]
[Site "Mississauga CAN"]
[Date "2011.04.24"]
[Round "7"]
[White "Gladstone, Simon"]
[Black "Zhou, Qiyu"]
[Result "1/2-1/2"]
[WhiteElo "1999"]
[BlackElo "1728"]
[PlyCount "103"]
[GameId "2160767909770613"]
[EventDate "2011.04.22"]
[EventType "swiss"]
[EventRounds "9"]
[EventCountry "CAN"]
[SourceTitle "hb 2012"]

1. e4 c5 2. Nf3 Nc6 3. d4 cxd4 4. Nxd4 Nf6 5. Nc3 e5 6. Ndb5 d6 7. Nd5 Nxd5 8. exd5 Ne7 9. c4 Nf5 10. Bd3 Nh4 11. O-O Be7 12. Be3 a6 13. Nc3 O-O 14. b4 f5 15. f3 Bd7 16. Qe2 Rc8 17. Rac1 Bg5 18. Qd2 Bxe3+ 19. Qxe3 f4 20. Qf2 Bf5 21. Ne4 Bxe4 22. Bxe4 Nf5 23. Bxf5 Rxf5 24. Rfd1 Rf7 25. c5 Rfc7 26. Rc2 a5 27. a3 axb4 28. axb4 Qd7 29. Rdc1 Qa4 30. Rc4 b5 31. Re4 Qa3 32. Rc2 Qd3 33. Qd2 Qxd2 34. Rxd2 dxc5 35. d6 Rd7 36. Rxe5 c4 37. Rxb5 c3 38. Rc2 Rxd6 39. Rc5 Rb8 40. Rc4 Rd3 41. R2xc3 Rxc3 42. Rxc3 Rxb4 43. g3 h5 44. Kg2 Kh7 45. gxf4 Rxf4 46. Rc5 Kh6 47. Kg3 Rf6 48. h4 Rg6+ 49. Kh3 Rg1 50. Kh2 Rf1 51. Kg2 Re1 52. Rd5 1/2-1/2

[Event "CAN-ch U20"]
[Site "Mississauga CAN"]
[Date "2011.04.24"]
[Round "7"]
[White "Itkin, David"]
[Black "Lee, Brendon"]
[Result "1/2-1/2"]
[WhiteElo "2173"]
[BlackElo "1931"]
[PlyCount "45"]
[GameId "2160767909770614"]
[EventDate "2011.04.22"]
[EventType "swiss"]
[EventRounds "9"]
[EventCountry "CAN"]
[SourceTitle "hb 2012"]

1. e4 c5 2. Nf3 d6 3. d4 cxd4 4. Nxd4 Nf6 5. Nc3 g6 6. f4 Bg7 7. e5 dxe5 8. fxe5 Nfd7 9. e6 Ne5 10. exf7+ Kxf7 11. Bf4 Rf8 12. Qd2 Nbc6 13. Nxc6 Qxd2+ 14. Bxd2 bxc6 15. O-O-O Kg8 16. Re1 Bg4 17. h3 Bd7 18. Ne4 Be6 19. Nc5 Bd5 20. Bc3 Rf5 21. Rg1 Rd8 22. Ba6 h5 23. Kb1 1/2-1/2

[Event "CAN-ch U20"]
[Site "Mississauga CAN"]
[Date "2011.04.24"]
[Round "7"]
[White "Lee, Melissa"]
[Black "Liu, Jiaxin (Dora)"]
[Result "1-0"]
[WhiteElo "1562"]
[BlackElo "1440"]
[PlyCount "79"]
[GameId "2160767909770615"]
[EventDate "2011.04.22"]
[EventType "swiss"]
[EventRounds "9"]
[EventCountry "CAN"]
[SourceTitle "hb 2012"]

1. e4 c5 2. Nf3 d6 3. d4 cxd4 4. Nxd4 Nf6 5. Nc3 a6 6. f3 e6 7. Bg5 Be7 8. Be2 Qc7 9. Qd2 Nbd7 10. g4 h6 11. Bxf6 Nxf6 12. h4 b5 13. a3 Bb7 14. O-O-O O-O-O 15. g5 hxg5 16. hxg5 Nd7 17. g6 Bf6 18. gxf7 Bxd4 19. Qxd4 Rxh1 20. Rxh1 Nf6 21. Rd1 Qxf7 22. e5 Nd7 23. exd6 Qf6 24. Qb4 Qg5+ 25. Kb1 Qc5 26. Qg4 Qe5 27. f4 Qf5 28. Qxg7 Qxf4 29. Nxb5 axb5 30. Qc3+ Kb8 31. Qc7+ Ka7 32. Qxd8 Nb6 33. d7 Qe5 34. Qxb6+ Kxb6 35. d8=Q+ Ka6 36. Rd6+ Ka7 37. Qb6+ Ka8 38. Rd8+ Qb8 39. Qa5+ Ba6 40. Qxa6# 1-0

[Event "CAN-ch U20"]
[Site "Mississauga CAN"]
[Date "2011.04.24"]
[Round "7"]
[White "Qian, Owen"]
[Black "Giblon, Melissa"]
[Result "1-0"]
[WhiteElo "1488"]
[BlackElo "1348"]
[PlyCount "133"]
[GameId "2160767909770617"]
[EventDate "2011.04.22"]
[EventType "swiss"]
[EventRounds "9"]
[EventCountry "CAN"]
[SourceTitle "hb 2012"]

1. d4 Nf6 2. c4 g6 3. Nc3 d5 4. cxd5 Nxd5 5. Bd2 Bg7 6. e4 Nxc3 7. Bxc3 O-O 8. Bc4 c5 9. d5 Bxc3+ 10. bxc3 Qa5 11. Qb3 Nd7 12. Nf3 a6 13. O-O Nf6 14. Rfe1 b5 15. Bf1 c4 16. Qc2 Bg4 17. Nd4 Bd7 18. Rab1 Qc7 19. g3 Qc8 20. Bg2 Bh3 21. f4 Qd7 22. Bxh3 Qxh3 23. Qg2 Qxg2+ 24. Kxg2 Rfe8 25. Nf3 Rad8 26. Rbd1 Nd7 27. Rd4 e5 28. fxe5 Nxe5 29. Nxe5 Rxe5 30. Red1 Re7 31. g4 Kg7 32. Kg3 Kf6 33. Kf4 g5+ 34. Ke3 Ke5 35. Rf1 h6 36. Rf5+ Kd6 37. Rf6+ Kd7 38. Rxa6 Rb8 39. Rxh6 b4 40. Rxc4 bxc3 41. Rxc3 Ra8 42. Rc2 Ra5 43. d6 Ra3+ 44. Kd4 Ra4+ 45. Kd5 Ra5+ 46. Kd4 Ra4+ 47. Kd3 Ra3+ 48. Rc3 Rxc3+ 49. Kxc3 Rxe4 50. h3 Re6 51. Rxe6 fxe6 52. Kd4 Kxd6 53. a4 Kc6 54. Ke5 Kc5 55. Kxe6 Kb4 56. Kf5 Kxa4 57. Kxg5 Kb5 58. h4 Kc6 59. h5 Kd7 60. h6 Ke7 61. h7 Kf7 62. h8=Q Ke6 63. Qd4 Ke7 64. Qd5 Ke8 65. Qb7 Kd8 66. Kf6 Ke8 67. Qc8# 1-0

[Event "CAN-ch U20"]
[Site "Mississauga CAN"]
[Date "2011.04.24"]
[Round "7"]
[White "Sapozhnikov, Roman"]
[Black "Peng, Jackie"]
[Result "1-0"]
[WhiteElo "2443"]
[BlackElo "1952"]
[PlyCount "91"]
[GameId "2160767909770618"]
[EventDate "2011.04.22"]
[EventType "swiss"]
[EventRounds "9"]
[EventCountry "CAN"]
[SourceTitle "hb 2012"]

1. e4 c5 2. Nf3 d6 3. d4 cxd4 4. Nxd4 Nf6 5. Nc3 g6 6. Be2 Bg7 7. O-O O-O 8. Bg5 Nc6 9. Nb3 Be6 10. Kh1 Qc8 11. f4 Rd8 12. Bf3 Ng4 13. Qd2 Bc4 14. Rfe1 f6 15. Bh4 e5 16. Nd5 Bxd5 17. exd5 Ne7 18. Nd4 exd4 19. Rxe7 Ne3 20. Bf2 Re8 21. Rxe8+ Qxe8 22. Re1 Qd7 23. Bxe3 dxe3 24. Rxe3 Re8 25. Re6 Kf8 26. f5 gxf5 27. Qe3 b6 28. Be2 Rxe6 29. dxe6 Qc7 30. Bd3 Ke7 31. Bxf5 Qc5 32. Qf3 Qc7 33. Qh5 Kf8 34. Qxh7 d5 35. Qg6 Qe7 36. h4 Bh8 37. Qg3 Qd8 38. h5 Bg7 39. h6 Bh8 40. a4 a5 41. b3 Ke7 42. Qg6 Qf8 43. Qh7+ Kd6 44. Kg1 Qd8 45. Qd7+ Qxd7 46. exd7 1-0

[Event "CAN-ch U20"]
[Site "Mississauga CAN"]
[Date "2011.04.25"]
[Round "8"]
[White "Giblon, Melissa"]
[Black "Gladstone, Simon"]
[Result "0-1"]
[WhiteElo "1348"]
[BlackElo "1999"]
[PlyCount "124"]
[GameId "2160767909770621"]
[EventDate "2011.04.22"]
[EventType "swiss"]
[EventRounds "9"]
[EventCountry "CAN"]
[SourceTitle "hb 2010"]

1. c4 e6 2. Nc3 Nf6 3. d4 Bb4 4. Bd2 O-O 5. Nf3 d6 6. a3 Bxc3 7. Bxc3 b6 8. e3 Nbd7 9. Be2 Bb7 10. O-O Ne4 11. Qc2 f5 12. Rfd1 Ndf6 13. Nd2 Nxd2 14. Bxd2 Ne4 15. f3 Qg5 16. Be1 Nf6 17. Qd2 Nh5 18. Bd3 e5 19. dxe5 dxe5 20. e4 Nf4 21. Bg3 fxe4 22. Bxe4 Bxe4 23. fxe4 Rad8 24. Bxf4 exf4 25. Qc3 Rxd1+ 26. Rxd1 f3 27. Rd2 Qg6 28. Qd3 fxg2 29. Rxg2 Qf6 30. Qe2 Qd4+ 31. Kh1 Rf4 32. Rg4 Rf2 33. e5 Rxe2 34. Rxd4 Rxe5 35. Rd7 Rc5 36. b3 a6 37. Kg2 b5 38. Rd5 Rxd5 39. cxd5 Kf8 40. Kf3 Ke7 41. Ke4 Kd6 42. Kd4 g5 43. b4 h5 44. Ke4 g4 45. Kf4 Kxd5 46. Kg5 c5 47. bxc5 a5 48. Kxh5 b4 49. axb4 axb4 50. Kxg4 b3 51. h4 b2 52. c6 Kxc6 53. h5 b1=Q 54. h6 Qg6+ 55. Kf4 Qxh6+ 56. Kf5 Qe3 57. Kg4 Qf2 58. Kh3 Qg1 59. Kh4 Kd5 60. Kh5 Ke5 61. Kh4 Kf4 62. Kh5 Qg5# 0-1

[Event "CAN-ch U20"]
[Site "Mississauga CAN"]
[Date "2011.04.25"]
[Round "8"]
[White "Giblon, Rebecca"]
[Black "Zhou, Qiyu"]
[Result "1-0"]
[WhiteElo "1580"]
[BlackElo "1728"]
[PlyCount "97"]
[GameId "2160767909770622"]
[EventDate "2011.04.22"]
[EventType "swiss"]
[EventRounds "9"]
[EventCountry "CAN"]
[SourceTitle "hb 2012"]

1. e4 c5 2. Nf3 Nc6 3. d4 cxd4 4. Nxd4 Nf6 5. Nc3 e5 6. Ndb5 d6 7. Nd5 Nxd5 8. exd5 Ne7 9. c4 Nf5 10. Bd3 Be7 11. O-O a6 12. Nc3 O-O 13. Re1 Nh4 14. c5 f5 15. Bc4 Kh8 16. c6 Qc7 17. Qe2 f4 18. Qe4 Bf5 19. Qe2 Nxg2 20. Kxg2 f3+ 21. Qxf3 Bh4 22. Be3 Rf6 23. Kh1 b5 24. Be2 Raf8 25. Rf1 Qd8 26. Ne4 Rg6 27. Ba7 Rg4 28. Qxg4 Bxg4 29. Bxg4 Qc7 30. Rac1 Bd8 31. Be3 h6 32. Rfd1 Rg8 33. b4 Kh7 34. f4 exf4 35. Bxf4 Qe7 36. Be6 Rh8 37. Bxd6 Qh4 38. Ng3 Bg5 39. Rc2 Bf4 40. Bxf4 Qxf4 41. Rf1 Qc7 42. Rf7 Qe5 43. c7 Qe1+ 44. Rf1 Qxb4 45. c8=Q Rxc8 46. Rxc8 Qd4 47. Bf5+ g6 48. Rc7+ Kh8 49. Be6 1-0

[Event "CAN-ch U20"]
[Site "Mississauga CAN"]
[Date "2011.04.25"]
[Round "8"]
[White "Inigo, Aquino"]
[Black "Qin, Zi Yi (Joey)"]
[Result "0-1"]
[WhiteElo "2079"]
[BlackElo "2370"]
[PlyCount "104"]
[GameId "2160767909770623"]
[EventDate "2011.04.22"]
[EventType "swiss"]
[EventRounds "9"]
[EventCountry "CAN"]
[SourceTitle "hb 2012"]

1. d4 Nf6 2. c4 g6 3. Nc3 Bg7 4. e4 d6 5. f3 c5 6. dxc5 dxc5 7. Qxd8+ Kxd8 8. Be3 Nfd7 9. Nge2 Nc6 10. O-O-O b6 11. b3 e6 12. g3 Ke7 13. f4 Bb7 14. Bg2 Na5 15. Rhg1 Nf6 16. h3 Rhd8 17. e5 Rxd1+ 18. Kxd1 Ne8 19. Bxb7 Nxb7 20. Ne4 f6 21. exf6+ Nxf6 22. N2c3 Na5 23. Nxf6 Bxf6 24. Ne4 Rd8+ 25. Ke2 Nc6 26. Nxf6 Kxf6 27. g4 Rd7 28. Rd1 Rxd1 29. Kxd1 e5 30. Kd2 h5 31. gxh5 gxh5 32. fxe5+ Kxe5 33. Bg5 Kf5 34. h4 Nd4 35. Ke3 Nc2+ 36. Kf3 Nb4 37. a4 Nc6 38. Bf4 Nd4+ 39. Ke3 Nxb3 40. Bb8 Na5 41. Bxa7 Nxc4+ 42. Ke2 Kg4 43. a5 bxa5 44. Bxc5 Kxh4 45. Kd3 Ne5+ 46. Kc3 Kg4 47. Bd6 Ng6 48. Kc4 h4 49. Bh2 h3 50. Kb5 Kf3 51. Kxa5 Kg2 52. Bd6 Nh4 0-1

[Event "CAN-ch U20"]
[Site "Mississauga CAN"]
[Date "2011.04.25"]
[Round "8"]
[White "Lee, Brendon"]
[Black "Liu, Jiaxin (Dora)"]
[Result "0-1"]
[WhiteElo "1931"]
[BlackElo "1440"]
[PlyCount "103"]
[GameId "2160767909770625"]
[EventDate "2011.04.22"]
[EventType "swiss"]
[EventRounds "9"]
[EventCountry "CAN"]
[SourceTitle "hb 2012"]

1. e4 c5 2. Nf3 d6 3. d4 cxd4 4. Nxd4 Nf6 5. Nc3 a6 6. Be3 e6 7. f3 Be7 8. Qd2 Qc7 9. g4 b5 10. a3 Bb7 11. h4 Nc6 12. O-O-O Nd7 13. g5 Nc5 14. Nxc6 Qxc6 15. h5 O-O-O 16. Bd4 Rhg8 17. Kb1 Kb8 18. Be2 Qc8 19. e5 d5 20. Qe3 Nd7 21. Bd3 Rh8 22. Ne2 Nc5 23. Rhg1 Nxd3 24. Rxd3 Qd7 25. Nf4 Rc8 26. Rd2 Rhg8 27. g6 fxg6 28. Qd3 g5 29. Nh3 h6 30. f4 gxf4 31. Nxf4 Bg5 32. Rf2 Bxf4 33. Rxf4 Qe8 34. Rg6 Qd7 35. Qh3 Rce8 36. c3 Bc8 37. Bc5 Ka8 38. Bd6 Qb7 39. Qf1 Qc6 40. Rf7 Qc4 41. Qf2 Bb7 42. Rc7 Qd3+ 43. Ka2 Rc8 44. Rg3 Qh7 45. Qb6 Rxc7 46. Qxc7 Rc8 47. Qxg7 Qe4 48. Rg4 Qc2 49. Rg2 Qe4 50. Rg4 Qc2 51. Qg6 Qe2 52. Qxe6 0-1

[Event "CAN-ch U20"]
[Site "Mississauga CAN"]
[Date "2011.04.25"]
[Round "8"]
[White "Lee, Melissa"]
[Black "Yang, Yimang"]
[Result "0-1"]
[WhiteElo "1562"]
[BlackElo "1654"]
[PlyCount "103"]
[GameId "2160767909770626"]
[EventDate "2011.04.22"]
[EventType "swiss"]
[EventRounds "9"]
[EventCountry "CAN"]
[SourceTitle "hb 2012"]

1. e4 c5 2. Nf3 d6 3. d4 cxd4 4. Nxd4 Nf6 5. Nc3 a6 6. f3 e5 7. Nb3 Be6 8. Be3 Nbd7 9. Be2 Be7 10. Qd2 Qc7 11. O-O-O b5 12. Nd5 Nxd5 13. exd5 Bf5 14. Bd3 Bxd3 15. Qxd3 O-O 16. g4 Rfc8 17. Kd2 Bd8 18. Ke1 Qc4 19. Ke2 Qxd3+ 20. Kxd3 a5 21. g5 a4 22. Nc1 Nb6 23. Bxb6 Bxb6 24. c3 Rc7 25. Ne2 Rc5 26. Ke4 Rc4+ 27. Kd3 Rh4 28. Ng3 Rf4 29. Ke2 Kf8 30. Ne4 Ke7 31. Rde1 Rh4 32. Kd3 Rf4 33. Rhf1 f5 34. gxf6+ gxf6 35. Re2 Rg8 36. Ng3 f5 37. b3 a3 38. Kc2 Rg6 39. b4 h5 40. Rd2 h4 41. Ne2 Rc4 42. Kb3 Rg2 43. Rh1 Rf2 44. Rc2 Rxf3 45. Kxa3 Rf2 46. Kb3 Rg4 47. Nc1 Rxc2 48. Kxc2 Rf4 49. h3 Rf2+ 50. Kd1 Be3 51. Ne2 Rf3 52. a3 0-1

[Event "CAN-ch U20"]
[Site "Mississauga CAN"]
[Date "2011.04.25"]
[Round "8"]
[White "Miller, David"]
[Black "Itkin, David"]
[Result "0-1"]
[WhiteElo "1952"]
[BlackElo "2173"]
[PlyCount "102"]
[GameId "2160767909770627"]
[EventDate "2011.04.22"]
[EventType "swiss"]
[EventRounds "9"]
[EventCountry "CAN"]
[SourceTitle "hb 2012"]

1. e4 c5 2. Nf3 d6 3. d4 cxd4 4. Nxd4 Nf6 5. Nc3 Nc6 6. Bc4 Qb6 7. Nxc6 bxc6 8. O-O g6 9. e5 dxe5 10. Qe2 Bg7 11. Qxe5 Bf5 12. Be3 Qb7 13. Bb3 O-O 14. Qa5 Ng4 15. Bf4 Rad8 16. h3 Nf6 17. Rad1 Nd7 18. g4 Be6 19. Bxe6 fxe6 20. Bc7 Qxb2 21. Na4 Qa3 22. Rd3 Qxa2 23. Bxd8 Ne5 24. Bxe7 Qxc2 25. Bxf8 Qxd3 26. Be7 Qxh3 27. Qd8+ Kf7 28. f3 Qg3+ 29. Kh1 Nxf3 30. Rxf3+ Qxf3+ 31. Kh2 Qe2+ 32. Kg1 Qxg4+ 33. Kf1 Qc4+ 34. Kg2 Qd5+ 35. Qxd5 exd5 36. Bc5 a6 37. Nb6 Ke6 38. Kf3 Be5 39. Kg4 Bd6 40. Be3 c5 41. Kg5 d4 42. Bd2 Bc7 43. Na4 Kd5 44. Kh6 c4 45. Kxh7 c3 46. Bc1 Kc4 47. Kxg6 Kb3 48. Kf5 Kxa4 49. Ke4 Bb6 50. Kd3 Kb3 51. Bf4 a5 0-1

[Event "CAN-ch U20"]
[Site "Mississauga CAN"]
[Date "2011.04.25"]
[Round "9"]
[White "Gladstone, Simon"]
[Black "Giblon, Rebecca"]
[Result "1-0"]
[WhiteElo "1999"]
[BlackElo "1580"]
[PlyCount "61"]
[GameId "2160767909778824"]
[EventDate "2011.04.22"]
[EventType "swiss"]
[EventRounds "9"]
[EventCountry "CAN"]
[SourceTitle "hb 2012"]

1. e4 e5 2. Nf3 Nc6 3. Bc4 Bc5 4. O-O Nf6 5. d4 exd4 6. e5 d5 7. exf6 dxc4 8. fxg7 Rg8 9. Re1+ Be6 10. Bg5 Qd5 11. Nc3 Qf5 12. Ne4 Rxg7 13. Nh4 Qxe4 14. Rxe4 Rxg5 15. f4 Rg8 16. f5 O-O-O 17. fxe6 d3+ 18. Kh1 Nb4 19. c3 Nc2 20. Rc1 fxe6 21. Rxc2 dxc2 22. Qxc2 Rd3 23. Re1 Re8 24. Nf3 Be3 25. Ne5 Rd2 26. Qa4 Rg8 27. Nxc4 Rdxg2 28. Nxe3 Rxb2 29. Qxa7 Rd8 30. Qa8+ Kd7 31. Rd1+ 1-0

[Event "CAN-ch U20"]
[Site "Mississauga CAN"]
[Date "2011.04.25"]
[Round "9"]
[White "Itkin, David"]
[Black "Sapozhnikov, Roman"]
[Result "1-0"]
[WhiteElo "2173"]
[BlackElo "2443"]
[PlyCount "93"]
[GameId "2160767909778825"]
[EventDate "2011.04.22"]
[EventType "swiss"]
[EventRounds "9"]
[EventCountry "CAN"]
[SourceTitle "hb 2012"]

1. e4 c5 2. Nf3 d6 3. d4 cxd4 4. Nxd4 Nf6 5. Nc3 a6 6. Bc4 e6 7. Bb3 Nbd7 8. Bg5 Nc5 9. f4 Be7 10. Qf3 Qc7 11. O-O-O O-O 12. Rhe1 b5 13. Bd5 Bb7 14. Bxb7 Qxb7 15. e5 dxe5 16. fxe5 Nd5 17. Bxe7 Nxe7 18. Qxb7 Nxb7 19. Nxe6 fxe6 20. Rd7 Nc5 21. Rxe7 b4 22. Ne4 Nxe4 23. Rxe4 Rad8 24. b3 a5 25. Kb2 Rd2 26. Rg4 Rf7 27. Re8+ Rf8 28. Re7 Rf7 29. Rxe6 Rff2 30. Rc6 Rxg2 31. e6 Kf8 32. Re4 Ke7 33. Rc7+ Kd8 34. e7+ Kxc7 35. e8=Q Rxc2+ 36. Kb1 Rb2+ 37. Kc1 Rbc2+ 38. Kd1 Rgd2+ 39. Ke1 Rd7 40. Qe5+ Kc6 41. Rc4+ Rxc4 42. bxc4 Ra7 43. Qd5+ Kb6 44. c5+ Kc7 45. c6 Kb6 46. Qd4+ Ka6 47. Qd6 1-0

[Event "CAN-ch U20"]
[Site "Mississauga CAN"]
[Date "2011.04.25"]
[Round "9"]
[White "Liu, Jiaxin (Dora)"]
[Black "Miller, David"]
[Result "0-1"]
[WhiteElo "1440"]
[BlackElo "1952"]
[PlyCount "105"]
[GameId "2160767909778826"]
[EventDate "2011.04.22"]
[EventType "swiss"]
[EventRounds "9"]
[EventCountry "CAN"]
[SourceTitle "hb 2012"]

1. e4 c5 2. Nf3 d6 3. d4 cxd4 4. Nxd4 Nf6 5. Nc3 a6 6. Be2 e5 7. Nf3 Be7 8. a4 O-O 9. O-O h6 10. h3 Be6 11. Be3 Nbd7 12. Re1 Rc8 13. Rb1 Nc5 14. Bd3 Qc7 15. Rc1 Rfd8 16. Qe2 Ncd7 17. Bd2 Nb6 18. Be3 Nc4 19. Bxc4 Bxc4 20. Qd1 d5 21. exd5 Nxd5 22. Bd2 Nxc3 23. bxc3 Rd5 24. Rb1 Rcd8 25. Qc1 Bc5 26. Be3 f6 27. Bxc5 Rxc5 28. Re3 Bf7 29. Qb2 Rd7 30. Rc1 Qc6 31. Qa3 Rc7 32. Rd1 Rd5 33. Rc1 Be8 34. a5 Qc5 35. Qxc5 Rcxc5 36. Rb1 Bc6 37. Kf1 Rxa5 38. Ke1 Ra2 39. Rc1 Ba4 40. Re2 a5 41. h4 Bb5 42. Re3 a4 43. Nd2 Rc5 44. f3 a3 45. Nb3 Rc7 46. Kf2 Ba4 47. Kg3 Rb2 48. Ra1 Bxb3 49. cxb3 Rxb3 50. Re2 Rcxc3 51. Rea2 e4 52. Rf2 exf3 53. Rxf3 0-1

[Event "CAN-ch U20"]
[Site "Mississauga CAN"]
[Date "2011.04.25"]
[Round "9"]
[White "Qian, Owen"]
[Black "Lee, Melissa"]
[Result "1-0"]
[WhiteElo "1488"]
[BlackElo "1562"]
[PlyCount "133"]
[GameId "2160767909778828"]
[EventDate "2011.04.22"]
[EventType "swiss"]
[EventRounds "9"]
[EventCountry "CAN"]
[SourceTitle "hb 2012"]

1. d4 Nf6 2. c4 g6 3. Nc3 Bg7 4. e4 d6 5. Be2 Nbd7 6. Nf3 O-O 7. O-O e5 8. Re1 Re8 9. Bf1 exd4 10. Nxd4 Nc5 11. f3 Ne6 12. Be3 a6 13. Qd2 Rb8 14. Rad1 Nh5 15. Nd5 c6 16. Nxe6 Bxe6 17. Nf4 Nxf4 18. Bxf4 Be5 19. a3 Bxf4 20. Qxf4 Qb6+ 21. Qe3 Qxe3+ 22. Rxe3 d5 23. exd5 cxd5 24. cxd5 Bd7 25. Kf2 f6 26. Rde1 Kf8 27. Rxe8+ Bxe8 28. Re6 Bf7 29. Rxf6 Ke7 30. Rb6 Bxd5 31. Bxa6 h5 32. h4 Kf7 33. Bd3 Bc6 34. Be4 Rd8 35. Bxc6 bxc6 36. a4 c5 37. b3 Rc8 38. Rb7+ Kf6 39. a5 c4 40. bxc4 Rxc4 41. Kg3 Rc8 42. Rb4 Ra8 43. Ra4 Ra6 44. Kf4 Kf7 45. Kg5 Kg7 46. f4 Rd6 47. g4 hxg4 48. Kxg4 Ra6 49. h5 gxh5+ 50. Kxh5 Kf6 51. Kg4 Kg6 52. Kf3 Kf5 53. Ke3 Ke6 54. Ke4 Kd6 55. Kd4 Kc6 56. Kc4 Ra8 57. a6 Kb6 58. a7 Kc6 59. Kd4 Kd6 60. Ke4 Ke6 61. Ra6+ Kf7 62. Kd5 Rxa7 63. Rxa7+ Kf6 64. Ra8 Kf5 65. Rf8+ Kg4 66. Ke4 Kg3 67. Ke5 1-0

[Event "CAN-ch U20"]
[Site "Mississauga CAN"]
[Date "2011.04.25"]
[Round "9"]
[White "Yang, Yimang"]
[Black "Lee, Brendon"]
[Result "1-0"]
[WhiteElo "1654"]
[BlackElo "1931"]
[PlyCount "35"]
[GameId "2160767909778830"]
[EventDate "2011.04.22"]
[EventType "swiss"]
[EventRounds "9"]
[EventCountry "CAN"]
[SourceTitle "hb 2012"]

1. b4 Nf6 2. Bb2 e6 3. b5 c5 4. c4 d5 5. e3 Nbd7 6. Nf3 Bd6 7. Be2 O-O 8. O-O a6 9. bxa6 bxa6 10. a4 Rb8 11. Bc3 Qc7 12. h3 Bb7 13. d3 dxc4 14. dxc4 Rfd8 15. Nbd2 Ne5 16. Qc2 Nfd7 17. Ng5 Be7 18. Qxh7+ 1-0

[Event "CAN-ch U20"]
[Site "Mississauga CAN"]
[Date "2011.04.25"]
[Round "9"]
[White "Zhou, Qiyu"]
[Black "Giblon, Melissa"]
[Result "0-1"]
[WhiteElo "1728"]
[BlackElo "1348"]
[PlyCount "75"]
[GameId "2160767909778831"]
[EventDate "2011.04.22"]
[EventType "swiss"]
[EventRounds "9"]
[EventCountry "CAN"]
[SourceTitle "hb 2012"]

1. e4 c5 2. c3 Nf6 3. e5 Nd5 4. d4 cxd4 5. Nf3 Nb6 6. cxd4 e6 7. Nc3 d6 8. Bd3 Nc6 9. O-O Be7 10. Re1 O-O 11. Bf4 dxe5 12. dxe5 Nb4 13. Be4 N6d5 14. Bd2 Nxc3 15. Bxc3 Nd5 16. Qc2 Nxc3 17. Qxc3 Qb6 18. Red1 Bc5 19. Qc2 h6 20. Rac1 Be7 21. Rd3 Rd8 22. Rc3 Bd7 23. Rb3 Qa5 24. Rxb7 Rac8 25. Qb1 Rxc1+ 26. Qxc1 Qxa2 27. g3 Qa4 28. Qe3 a5 29. Rc7 Qa1+ 30. Qc1 Qxc1+ 31. Rxc1 Rc8 32. Rxc8+ Bxc8 33. Nd4 a4 34. Nc6 Bc5 35. Bc2 a3 36. bxa3 Bxa3 37. Be4 Kf8 38. f4 0-1

[Event "CAN-ch w"]
[Site "Toronto, CAN"]
[Date "2011.10.08"]
[Round "1"]
[White "Khoudgarian, Natalia"]
[Black "Yun, Chang"]
[Result "1-0"]
[WhiteElo "2140"]
[BlackElo "1990"]
[PlyCount "67"]
[GameId "2160767909647956"]
[EventDate "2011.10.08"]
[EventType "swiss"]
[EventRounds "6"]
[EventCountry "CAN"]
[SourceTitle "CBM 144 Extra"]
[Source "ChessBase"]
[SourceDate "2011.10.28"]
[SourceVersion "1"]
[SourceVersionDate "2011.10.28"]
[SourceQuality "1"]

1. e4 c5 2. Nf3 d6 3. c3 Nf6 4. Bd3 Nc6 5. O-O e5 6. Re1 Be7 7. h3 O-O 8. Bb5 Qb6 9. Na3 Bd7 10. Bf1 a6 11. Nc4 Qa7 12. a4 h6 13. a5 Be6 14. d4 cxd4 15. cxd4 Bxc4 16. Bxc4 Nxd4 17. Nxd4 exd4 18. b3 Nd7 19. Bxh6 Ne5 20. Bf4 Qc5 21. Bd5 Rab8 22. Qd2 Rfc8 23. Rec1 Qb5 24. Qxd4 Bf6 25. Qe3 Rxc1+ 26. Rxc1 Qxa5 27. Bg5 Bxg5 28. Qxg5 Qb6 29. Qe7 Rf8 30. Qxb7 Qd4 31. Qxa6 Nd3 32. Rf1 Ne5 33. Qxd6 Rc8 34. Bxf7+ 1-0

[Event "CAN-ch w"]
[Site "Toronto, CAN"]
[Date "2011.10.08"]
[Round "3"]
[White "Belc, Daniela"]
[Black "Peng, Jackie"]
[Result "1-0"]
[WhiteElo "2053"]
[BlackElo "1899"]
[PlyCount "81"]
[GameId "2160767909647967"]
[EventDate "2011.10.08"]
[EventType "swiss"]
[EventRounds "6"]
[EventCountry "CAN"]
[SourceTitle "CBM 144 Extra"]
[Source "ChessBase"]
[SourceDate "2011.10.28"]
[SourceVersion "1"]
[SourceVersionDate "2011.10.28"]
[SourceQuality "1"]

1. d4 Nf6 2. c4 g6 3. Nc3 Bg7 4. e4 d6 5. Be2 O-O 6. Bg5 c5 7. d5 h6 8. Bf4 e5 9. Be3 Kh7 10. Nf3 Ng4 11. Ng5+ hxg5 12. Bxg4 f5 13. Be2 Nd7 14. Qc2 f4 15. Bd2 Nf6 16. O-O-O a6 17. g3 Ng4 18. Bxg4 Bxg4 19. Rde1 b5 20. h4 Kg8 21. gxf4 exf4 22. Rhg1 Qd7 23. f3 Bxf3 24. Rxg5 Bh5 25. Ne2 Bh6 26. Nxf4 Bxg5 27. hxg5 Qg4 28. Ne6 Rf2 29. Qc3 Ra7 30. Qa5 Ra8 31. Qc7 Rf7 32. Qxd6 Qh3 33. Qe5 Bg4 34. Nf4 Qh7 35. d6 Qg7 36. Qd5 Rc8 37. e5 bxc4 38. e6 Rf5 39. Qxc4 Re5 40. e7+ Kh7 41. Rh1+ 1-0

[Event "CAN-ch w"]
[Site "Toronto, CAN"]
[Date "2011.10.09"]
[Round "4"]
[White "Orlova, Yelizaveta"]
[Black "Peng, Jackie"]
[Result "1-0"]
[WhiteElo "1931"]
[BlackElo "1899"]
[PlyCount "97"]
[GameId "2160767909647979"]
[EventDate "2011.10.08"]
[EventType "swiss"]
[EventRounds "6"]
[EventCountry "CAN"]
[SourceTitle "CBM 144 Extra"]
[Source "ChessBase"]
[SourceDate "2011.10.28"]
[SourceVersion "1"]
[SourceVersionDate "2011.10.28"]
[SourceQuality "1"]

1. b3 d6 2. Bb2 e5 3. e3 Nf6 4. c4 Nbd7 5. d4 c6 6. Nd2 g6 7. Be2 Bg7 8. Qc2 O-O 9. Ngf3 Re8 10. O-O-O exd4 11. Nxd4 Nc5 12. h4 Nfe4 13. Nxe4 Nxe4 14. Bf3 Nc5 15. h5 Bd7 16. hxg6 hxg6 17. Bc3 Qe7 18. Qb2 f6 19. Qc2 Kf7 20. Rh7 Rh8 21. Rdh1 Rxh7 22. Rxh7 Rh8 23. Rxh8 Bxh8 24. b4 Na6 25. b5 cxb5 26. Bxb7 Nc7 27. cxb5 Qe5 28. a4 Nd5 29. Qb3 Be6 30. Bb2 f5 31. Nxe6 Qxb2+ 32. Qxb2 Bxb2+ 33. Kxb2 Kxe6 34. Bxd5+ Kxd5 35. Kc3 Kc5 36. f4 Kd5 37. Kb4 Ke4 38. a5 Kxe3 39. b6 axb6 40. axb6 Kxf4 41. b7 Kg3 42. b8=Q Kxg2 43. Qg8 f4 44. Qxg6+ Kf2 45. Qxd6 f3 46. Kc3 Kg2 47. Qg6+ Kf1 48. Kd3 f2 49. Ke3 1-0

[Event "CAN-ch w"]
[Site "Toronto, CAN"]
[Date "2011.10.09"]
[Round "5"]
[White "Peng, Jackie"]
[Black "Roy, Myriam"]
[Result "1-0"]
[WhiteElo "1899"]
[BlackElo "1957"]
[PlyCount "71"]
[GameId "2160767909647988"]
[EventDate "2011.10.08"]
[EventType "swiss"]
[EventRounds "6"]
[EventCountry "CAN"]
[SourceTitle "CBM 144 Extra"]
[Source "ChessBase"]
[SourceDate "2011.10.28"]
[SourceVersion "1"]
[SourceVersionDate "2011.10.28"]
[SourceQuality "1"]

1. e4 c6 2. d4 d5 3. Nc3 dxe4 4. Nxe4 Nd7 5. Ng5 Ngf6 6. Bd3 e6 7. N1f3 Bd6 8. Qe2 h6 9. Ne4 Nxe4 10. Qxe4 Nf6 11. Qe2 Qc7 12. Bd2 Bd7 13. O-O-O O-O-O 14. Ne5 Rhf8 15. g3 Nd5 16. c4 Nb4 17. Nxd7 Qxd7 18. Bb1 Na6 19. c5 Be7 20. Ba5 Nc7 21. Be4 Bf6 22. Qc4 Qe7 23. Rd3 Rd7 24. a4 e5 25. b4 Rxd4 26. Rxd4 exd4 27. Bf5+ Kb8 28. b5 cxb5 29. axb5 Ne6 30. Bb4 Re8 31. Re1 Qd7 32. c6 Qc8 33. Bd6+ Ka8 34. Be4 Nd8 35. c7 Ne6 36. b6 1-0